000
00329nam a2200133Ia 4500
008
220923s9999 xx 000 0 und d
020
_a
9789350356319
100
_a
CHALLA, KRISHNAVEER A.
245
0
_a
ENGLISH SKILLS FOR LAWYERS
260
_b
LEXIS NEXIS, GURGAON
_c
2021
300
_a
96
650
_a
Lawyering
942
_c
BK
999
_c
191348
_d
191348